Nursing practice : (Record no. 10905)
[ view plain ]
| 000 -LEADER | |
|---|---|
| fixed length control field | 01274cam a22003858a 4500 |
| 001 - CONTROL NUMBER | |
| control field | 14638206 |
| 005 - DATE AND TIME OF LATEST TRANSACTION | |
| control field | 20201128013527.0 |
| 008 - FIXED-LENGTH DATA ELEMENTS--GENERAL INFORMATION | |
| fixed length control field | 061117s2007 stk b 001 0 eng |
| 010 ## - LIBRARY OF CONGRESS CONTROL NUMBER | |
| LC control number | 2006051863 |
| 020 ## - INTERNATIONAL STANDARD BOOK NUMBER | |
| International Standard Book Number | 0443074577 |
| 020 ## - INTERNATIONAL STANDARD BOOK NUMBER | |
| International Standard Book Number | 9780443074578 |
| 035 ## - SYSTEM CONTROL NUMBER | |
| System control number | (DNLM)101293518 |
| 040 ## - CATALOGING SOURCE | |
| Original cataloging agency | DNLM/DLC |
| Transcribing agency | DLC |
| 042 ## - AUTHENTICATION CODE | |
| Authentication code | pcc |
| 050 00 - LIBRARY OF CONGRESS CALL NUMBER | |
| Classification number | RT41 |
| Item number | .N885 2007 |
| 060 10 - NATIONAL LIBRARY OF MEDICINE CALL NUMBER | |
| Classification number | WY 100 |
| Item number | N9736 2007 |
| 082 00 - DEWEY DECIMAL CLASSIFICATION NUMBER | |
| Classification number | 610.73 |
| Edition number | 22 |
| Item number | NUR NR |
| 245 00 - TITLE STATEMENT | |
| Title | Nursing practice : |
| Remainder of title | Hospital and Home : The Adult / |
| Statement of responsibility, etc | Edited by Margaret F. Alexander...[et. al.]. |
| 246 ## - VARYING FORM OF TITLE | |
| Title proper/short title | The adult |
| 250 ## - EDITION STATEMENT | |
| Edition statement | 3rd ed. |
| Remainder of edition statement | Reprinted 2007. |
| 260 ## - PUBLICATION, DISTRIBUTION, ETC. (IMPRINT) | |
| Place of publication, distribution, etc | Edinburgh ; |
| -- | New York : |
| Name of publisher, distributor, etc | Elsevier/Churchill Livingstone, |
| Date of publication, distribution, etc | c2006. |
| 263 ## - PROJECTED PUBLICATION DATE | |
| Projected publication date | 0710 |
| 300 ## - PHYSICAL DESCRIPTION | |
| Extent | xvii, 1266 p. : |
| Other physical details | ill.; |
| Dimensions | 24 cm. |
| 500 ## - GENERAL NOTE | |
| General note | Includes index |
| 504 ## - BIBLIOGRAPHY, ETC. NOTE | |
| Bibliography, etc | Includes bibliographical references and index. |
| 650 #0 - SUBJECT ADDED ENTRY--TOPICAL TERM | |
| Topical term or geographic name as entry element | Nursing. |
| 9 (RLIN) | 24060 |
| 650 12 - SUBJECT ADDED ENTRY--TOPICAL TERM | |
| Topical term or geographic name as entry element | Nursing |
| Geographic subdivision | South Africa. |
| 9 (RLIN) | 24061 |
| 650 22 - SUBJECT ADDED ENTRY--TOPICAL TERM | |
| Topical term or geographic name as entry element | Community Health Services |
| Geographic subdivision | South Africa. |
| 9 (RLIN) | 24062 |
| 650 22 - SUBJECT ADDED ENTRY--TOPICAL TERM | |
| Topical term or geographic name as entry element | Nursing Service, Hospital |
| Geographic subdivision | South Africa. |
| 9 (RLIN) | 24063 |
| 700 1# - ADDED ENTRY--PERSONAL NAME | |
| Personal name | Alexander, Margaret F. |
| 9 (RLIN) | 2169 |
| 700 1# - ADDED ENTRY--PERSONAL NAME | |
| Personal name | Fawcett, Josephine N. |
| 9 (RLIN) | 12147 |
| 700 1# - ADDED ENTRY--PERSONAL NAME | |
| Personal name | Runciman, Phyllis J. |
| 9 (RLIN) | 12148 |
| 942 ## - ADDED ENTRY ELEMENTS (KOHA) | |
| Source of classification or shelving scheme | Dewey Decimal Classification |
| Item type | |
| Withdrawn status | Item status | Source of classification or shelving scheme | Damaged status | Not for loan | Vendor | Home library | Current library | Shelving location | Date acquired | Source of acquisition | Cost, normal purchase price | Serial Enumeration / chronology | Total Checkouts | Total Renewals | Full call number | Barcode | Date last seen | Date last borrowed | Koha item type | Materials specified (bound volume or other part) |
|---|---|---|---|---|---|---|---|---|---|---|---|---|---|---|---|---|---|---|---|---|
| Dewey Decimal Classification | Central Library | Central Library | First floor | 19/02/2009 | 368.00 | 2166 | 17 | 37 | 610.73 NUR NR | 000014854 | 15/07/2025 | 01/12/2015 | Book - Borrowing | |||||||
| Dewey Decimal Classification | Damaged | Academic Bookshop | Central Library | Central Library | First floor | 24/05/2011 | 365.95 | 3698 | 8 | 610.73 NUR NR | 000023868 | 18/08/2021 | 22/10/2012 | NB - Book (Non borrowing) | BOX07 |